000 00717nam a22001937a 4500
999 _c195450
_d195450
005 20230405100636.0
010 _aENG-136545
020 _a9789354493430
_c975.00
035 _aEN-120077
037 _bDBAD/PUB
082 _a000
100 _aGagrani,Harsh
245 _aComplete CLAT:
_bCommon law admission test companion(2022-23)/
_cBy Harsh Gagrani and Karan Mehta
260 _aUttar Pradesh
_bPearson India Education Services Pvt.Ltd
_c2022
270 _a15th Floor,Tower-B,World Trade Tower,Plot NO.1,Block-16,Noida
_bUttar Pradesh
_e201301
_mcompanysecretary.india@pearson.com
300 _axciii,vp.;
_bMyth and career
_c25cm(pbk)
700 _aMehta,Karan
942 _2ddc
_cEN
_h000
_mGAG